000 00531nam a2200193Ia 4500
005 20250508152644.0
008 008 250505s9999 xx 000 0 hin d
037 _aTextual
040 _aFEDL
_beng
_cFEDL
041 _ahin
_2eng
084 _a364, VAR
_qFEDL
100 _aVarma Paripurannad
_9762072
245 0 _aPatan ki paribhasha
260 _aUttar Pradesh, India
_bPrakashan Shakha, Suchna Vibhag
_c1960
300 _a452p.
365 _aINR
_b7
942 _cTEXL
_h364, VAR
999 _c1337838
_d1337838